000 00483nam a2200181Ia 4500
005 20250326124237.0
008 250326s9999 xx 000 0 und d
037 _aTextbook
040 _aFMSL
_beng
_cFMSL
041 _aeng
_2eng
084 _aX:512 L0;3
_qFMSL
100 _aReid A L
_9737064
245 0 _aModern applied salesmanship
_cReid A L
260 _aDelhi
_bDelhi, Vikas
_c1970
300 _a464p
942 _cTB
_hX:512 L0;3
999 _c1272912
_d1272912